Apprendre Portugais la Famille - Statistiques

Statistiques générales
  • Ce quiz a été pris 43 fois
  • Le résultat moyen est 12 sur 19
Statistiques - réponses
Français Portugais % Correct
Bébé Bebé
91%
Famille Família
91%
Sœur Irmã
82%
Frère Irmão
82%
Mère Mãe
77%
Père Pai
77%
Grands-parents Avós
64%
Tante Tia
64%
Oncle Tio
64%
Adulte Adulto
59%
Grande-mère Avó
59%
Grand-père Avô
59%
Enfant Criança
59%
Parents Pais
59%
Cousin Primo
59%
Adolescent Adolescente
45%
Arrière-grande-mère Bisavó
23%
Arrière-grand-père Bisavô
23%
Arrière-grands-parents Bisavós
23%
Aucun quiz correspondant
Distribution des résultats
% des personnes avec chaque résultat
Percentile par nombre de réponses
Votre historique - résultats
Vous n’avez pas pris ce quiz